000 00737nam a22002412a 4500
001 35312
003 BD-RjUL
005 20211209052310.0
008 140522s1962 enka b 001 0 eng d
035 _a(BD-RjUL)35406
_aOCLC ocm09517548 from D950411M
040 _aHLS
_cHLS
_dBD-RjUL
_beng
041 _aeng
082 _a330.0151
_bBUS 1962
090 _aHB74.M3
_bB8
100 1 _aBudin, Morris,
_d1920-
_9107571
245 1 0 _aStatistical measurements for economics and administration /
_cMorris Budin.
260 _aLondon :
_bAsia Pub. House,
_cc1962.
300 _ax, 404 p. :
_bill. ;
_c25 cm
504 _aBibliography: p. 397-399
504 _aIncludes index.
650 0 _aEconomics, Mathematical.
_9107572
942 _2ddc
_cBK
999 _c35312
_d35312